Polska Piastowska wiek X-XIV

Titel: Polska Piastowska wiek X-XIV
Beteiligt:
Maßstab: 1:1 000 000
Veröffentlicht: Warszawa : Uranja, [ca. 1958]
Umfang: 1 Wandkt. : mehrfarb. ; 170 x 120 cm
Format: Karte
Sprache: Polnisch
Kein Bild verfügbar
X
Lokale Klassifikation: 32 2 L 201 ; 32 7 B
alg: 11235196
001A    $03004:02-07-03 
001B    $01999:21-05-23 $t00:59:26.000 
001C    $06002:06-03-06 $t14:36:06.000 
001D    $03004:02-07-03 
001U    $0utf8 
001X    $00 
002@    $0Kau 
003@    $0112351964 
003O    $0175137106 $aOCoLC 
007A    $0112351964 $aHEB 
010@    $apol 
011@    $a1958 $n[ca. 1958] 
013H    $0z 
021A    $aPolska Piastowska wiek X-XIV 
028C    $BBearb. $#Arnold, S. $#Arnold, Stanislaw $712492199X $8Arnold, Stanisław$Z1895-1973 [Tp1] $9155513451 
033A    $pWarszawa $nUranja 
034D    $a1 Wandkt. 
034I    $a170 x 120 cm 
034M    $amehrfarb. 
035E    $a1:1 000 000 
045F    $a911.438 $eDDC23BSB 
045F/01 $a911 
045F/03 $g438 
045G    $a900.943809021 $eDDC23BSB 
045G/01 $a900 
045G/03 $f09021 
045G/03 $f0902 
045G/03 $g438 

lok: 11235196 24
101B    $002-07-03 $t11:53:23.000 
101C    $002-07-03 
145Z/01 $a32 2 L 201 
145Z/02 $a32 7 B 
101U    $0utf8 

exp: 11235196 24 1 #EPN
201B/01 $023-02-21 $t15:13:47.000 
201C/01 $002-07-03 
201U/01 $0utf8 
203@/01 $0185502318 
208@/01 $a02-07-03 $br 
209A/01 $aK 32 VII B 2 - W $dd $f050 $hK 32 7 B 2 $x00 
209C/01 $a1140 K 1958 $h58 1140 K 
209G/01 $aWandkarte $x01 
237A/01 $aAuf Leinen 
247C/01 $8358050-7 Marburg, Bibliothek des Herder-Instituts Marburg $9102600961
LEADER 00000cem a2200000 c 4500
001 112351964
003 DE-603
005 20230521005926.0
007 a|||||||
008 030702s1958 xx |||||| a || | ||pol c
035 |a (DE-599)HEB112351964 
035 |a (OCoLC)175137106 
040 |a DE-603  |b ger  |c DE-603  |d DE-603 
041 |a pol 
082 0 4 |8 1\u  |a 911.438  |q DE-101  |2 23/BSB 
083 0 |8 2\u  |a 900.943809021  |q DE-101  |2 23/BSB 
085 |8 1\u  |b 911 
085 |8 1\u  |z 2  |s 438 
085 |8 2\u  |b 900 
085 |8 2\u  |z 1  |s 09021 
085 |8 2\u  |z 1  |s 0902 
085 |8 2\u  |z 2  |s 438 
245 0 0 |a Polska Piastowska wiek X-XIV 
255 |a 1:1 000 000 
264 1 |a Warszawa  |b Uranja  |c [ca. 1958] 
300 |a 1 Wandkt.  |b mehrfarb.  |c 170 x 120 cm 
700 1 |a Arnold, Stanisław  |d 1895-1973  |e Bearb.  |4 edt  |0 (DE-603)155513451  |0 (DE-588)12492199X  |2 gnd 
924 0 |9 Mb 50  |a (DE-603)185502318  |b DE-Mb50  |c HES  |d d  |g K 32 VII B 2 - W  |h Wandkarte